ARRUPE JESUIT UNIVERSITY

CORONAVIRUS -STOP THE SPREAD - CLEAN,DISINFECT,COVER

The logical systems of Lesniewski. (Record no. 119979)

MARC details
000 -LEADER
fixed length control field 00843nam a22002651 4500
001 - CONTROL NUMBER
control field 3585880
003 - CONTROL NUMBER IDENTIFIER
control field ARRUPE
005 - DATE AND TIME OF LATEST TRANSACTION
control field 20140206120017.0
008 - FIXED-LENGTH DATA ELEMENTS--GENERAL INFORMATION
fixed length control field 840503s1962 ne b 000 0 eng
010 ## - LIBRARY OF CONGRESS CONTROL NUMBER
LC control number 63025910
040 ## - CATALOGING SOURCE
Original cataloging agency DLC/ICU
Transcribing agency ICU
Modifying agency DLC
050 00 - LIBRARY OF CONGRESS CALL NUMBER
Classification number B4691.L44
Item number L8
082 00 - DEWEY DECIMAL CLASSIFICATION NUMBER
Classification number 164
300 ## - PHYSICAL DESCRIPTION
Dimensions 23 cm.
100 1# - MAIN ENTRY--PERSONAL NAME
Personal name Luschei, Eugene C.
9 (RLIN) 8088
245 14 - TITLE STATEMENT
Title The logical systems of Lesniewski.
260 ## - PUBLICATION, DISTRIBUTION, ETC. (IMPRINT)
Place of publication, distribution, etc Amsterdam,
Name of publisher, distributor, etc North-Holland Pub. Co.,
Date of publication, distribution, etc 1962.
300 ## - PHYSICAL DESCRIPTION
Extent vii, 361 p.
440 #0 - SERIES STATEMENT/ADDED ENTRY--TITLE
Title Studies in logic and the foundations of mathematics
9 (RLIN) 8089
504 ## - BIBLIOGRAPHY, ETC. NOTE
Bibliography, etc Bibliography: p. [320]-333.
600 10 - SUBJECT ADDED ENTRY--PERSONAL NAME
Personal name Leśniewski, Stanislaw,
Dates associated with a name 1896-1939.
9 (RLIN) 8090
650 #0 - SUBJECT ADDED ENTRY--TOPICAL TERM
Topical term or geographic name as entry element Logic, Symbolic and mathematical.
9 (RLIN) 8091
650 #0 - SUBJECT ADDED ENTRY--TOPICAL TERM
Topical term or geographic name as entry element Semantics (Philosophy)
9 (RLIN) 8092
906 ## - LOCAL DATA ELEMENT F, LDF (RLIN)
a 7
b cbc
c orignew
d u
e ocip
f 19
g y-gencatlg
942 ## - ADDED ENTRY ELEMENTS (KOHA)
Source of classification or shelving scheme Library of Congress Classification
Koha item type Monograph ( Printed materials)
Holdings
Withdrawn status Lost status Source of classification or shelving scheme Damaged status Not for loan Collection code Home library Current library Shelving location Date acquired Total Checkouts Full call number Barcode Date last seen Price effective from Koha item type
    Library of Congress Classification     Main Collection ARRUPE LIBRARY ARRUPE LIBRARY Main Collection 06/02/2014   SPC P B4691.L44 L8 46411922 06/02/2014 06/02/2014 Monograph ( Printed materials)

 

Arrupe Library. PO Box MP320 Mt Pleasant, Harare, Zimbabwe
263 242 745411|librarian@aju.ac.zw